00401nam a22000857a 4500008004100000082001700041245023100058260001700289300000900306230606b xxu||||| |||| 00| 0 eng d a353.463bWAK areport of the Commission of Inquiry into Post Election violence (CIPEV)bChairman; The Hon. Mr.justice philip N.waki, J.Acpresented to His excellency Hon. Mwai Kibaki, C.G.H, M.p and the panel of eminent African Personalities coctober 2008 a556p